3. balík konsolidačných opatrení pre rok 2026 pre personalistov, mzdárov a verejnú správu

V článku si predstavíme jednotlivé konsolidačné opatrenia so zameraním pre personalistov, mzdárov a verejnú správu.

Guardado en:
Detalles Bibliográficos
Autor principal: Malčeková, Dorota
Formato: Capítulo de libro
Lenguaje:eslovaco
Materias:
Etiquetas: Agregar Etiqueta
Sin Etiquetas, Sea el primero en etiquetar este registro!

MARC

LEADER 00000naa a2200000 4500
001 0313259
005 20251120095940.6
041 0 |a slo 
044 |a SK 
245 1 0 |a 3. balík konsolidačných opatrení pre rok 2026 pre personalistov, mzdárov a verejnú správu  |c Dorota Malčeková 
520 |a V článku si predstavíme jednotlivé konsolidačné opatrenia so zameraním pre personalistov, mzdárov a verejnú správu. 
610 2 0 |a personalistika 
610 2 0 |a mzdy 
610 2 0 |a správa verejná 
610 2 0 |a konsolidácia 
610 2 0 |a zákonodarstvo 
100 1 |a Malčeková, Dorota